7 Letter Words Beginning With CH- - Statistics

General Stats
  • This quiz has been taken 74 times
  • The average score is 14 of 20
Answer Stats
Definition Answer % Correct
Fastest land animal Cheetah
100%
A main division of a book, typically with a number or title Chapter
95%
The most common type of poultry in the world Chicken
94%
The heart has four of these Chamber
92%
A two-wheeled horse-drawn vehicle used in ancient warfare and racing Chariot
92%
Scientist that studies chemicals Chemist
92%
To talk rapidly or incessantly about trivial matters Chatter
88%
Generosity and helpfulness especially toward the needy Charity
86%
A quiet or suppressed laugh Chuckle / Chortle
86%
A vertical passage through which smoke and gases escape from a fire or furnace Chimney
83%
A large French country house or castle Chateau
77%
Alpha, Bravo... Charlie
74%
An infectious disease that causes severe watery diarrhea Cholera
70%
The base frame of a motor vehicle or other wheeled conveyance Chassis
68%
Another word for motorcycle Chopper
58%
French for hat Chapeau
44%
A fire-breathing female monster with a lion's head, a goat's body, and a serpent's tail Chimera
39%
A braided Jewish bread Challah
32%
Something done just for show Charade
26%
Of long duration Chronic
14%
No matching quizzes found
Score Distribution
Percent of People with Each Score
Percentile by Number Answered
Your Score History
You have not taken this quiz